<?xml version="1.0" encoding="UTF-8"?>
<record
    xmlns:xsi="http://www.w3.org/2001/XMLSchema-instance"
    xsi:schemaLocation="http://www.loc.gov/MARC21/slim http://www.loc.gov/standards/marcxml/schema/MARC21slim.xsd"
    xmlns="http://www.loc.gov/MARC21/slim">

  <leader>00642nam a22002177a 4500</leader>
  <controlfield tag="005">20240828062407.0</controlfield>
  <controlfield tag="008">240828b        |||||||| |||| 00| 0 eng d</controlfield>
  <datafield tag="020" ind1=" " ind2=" ">
    <subfield code="a">9789358495584</subfield>
  </datafield>
  <datafield tag="040" ind1=" " ind2=" ">
    <subfield code="a">IN-DiNC</subfield>
    <subfield code="c">IN-DiNC</subfield>
  </datafield>
  <datafield tag="041" ind1=" " ind2=" ">
    <subfield code="d">asm</subfield>
  </datafield>
  <datafield tag="082" ind1=" " ind2=" ">
    <subfield code="a">370</subfield>
    <subfield code="b">DEK</subfield>
  </datafield>
  <datafield tag="100" ind1=" " ind2=" ">
    <subfield code="a">Deka, Nabanita</subfield>
    <subfield code="e">author</subfield>
  </datafield>
  <datafield tag="245" ind1=" " ind2=" ">
    <subfield code="a">Sikshar samajtattwik vitti/</subfield>
    <subfield code="c">by Nabanita Deka, Dibakar Dutta and Rima Rekha Buragohain</subfield>
  </datafield>
  <datafield tag="250" ind1=" " ind2=" ">
    <subfield code="a">1st ed.</subfield>
  </datafield>
  <datafield tag="260" ind1=" " ind2=" ">
    <subfield code="a">Dibrugarh:</subfield>
    <subfield code="b">Banalata,</subfield>
    <subfield code="c">2024.</subfield>
  </datafield>
  <datafield tag="300" ind1=" " ind2=" ">
    <subfield code="a">343p.</subfield>
  </datafield>
  <datafield tag="650" ind1=" " ind2=" ">
    <subfield code="a">Sociological foundations of education</subfield>
  </datafield>
  <datafield tag="700" ind1=" " ind2=" ">
    <subfield code="a">Dutta, Dibakar</subfield>
    <subfield code="e">author</subfield>
  </datafield>
  <datafield tag="700" ind1=" " ind2=" ">
    <subfield code="a">Buragohain, Rima Rekha</subfield>
    <subfield code="e">author</subfield>
  </datafield>
  <datafield tag="942" ind1=" " ind2=" ">
    <subfield code="2">ddc</subfield>
    <subfield code="c">BK</subfield>
  </datafield>
  <datafield tag="999" ind1=" " ind2=" ">
    <subfield code="c">11889</subfield>
    <subfield code="d">11889</subfield>
  </datafield>
  <datafield tag="952" ind1=" " ind2=" ">
    <subfield code="0">0</subfield>
    <subfield code="1">0</subfield>
    <subfield code="2">ddc</subfield>
    <subfield code="4">0</subfield>
    <subfield code="7">0</subfield>
    <subfield code="8">EDU</subfield>
    <subfield code="a">MAIN</subfield>
    <subfield code="b">MAIN</subfield>
    <subfield code="c">GEN</subfield>
    <subfield code="d">2024-08-28</subfield>
    <subfield code="g">390.00</subfield>
    <subfield code="l">8</subfield>
    <subfield code="o">370 DEK</subfield>
    <subfield code="p">30174</subfield>
    <subfield code="r">2025-12-06 05:39:39</subfield>
    <subfield code="s">2025-10-16</subfield>
    <subfield code="t">1</subfield>
    <subfield code="w">2024-08-28</subfield>
    <subfield code="y">BK</subfield>
  </datafield>
  <datafield tag="952" ind1=" " ind2=" ">
    <subfield code="0">0</subfield>
    <subfield code="1">0</subfield>
    <subfield code="2">ddc</subfield>
    <subfield code="4">0</subfield>
    <subfield code="7">0</subfield>
    <subfield code="8">EDU</subfield>
    <subfield code="a">MAIN</subfield>
    <subfield code="b">MAIN</subfield>
    <subfield code="c">GEN</subfield>
    <subfield code="d">2024-08-28</subfield>
    <subfield code="g">390.00</subfield>
    <subfield code="l">2</subfield>
    <subfield code="o">370 DEK</subfield>
    <subfield code="p">30175</subfield>
    <subfield code="r">2024-12-13 07:55:52</subfield>
    <subfield code="s">2024-11-19</subfield>
    <subfield code="t">2</subfield>
    <subfield code="w">2024-08-28</subfield>
    <subfield code="y">BK</subfield>
  </datafield>
  <datafield tag="952" ind1=" " ind2=" ">
    <subfield code="0">0</subfield>
    <subfield code="1">0</subfield>
    <subfield code="2">ddc</subfield>
    <subfield code="4">0</subfield>
    <subfield code="7">0</subfield>
    <subfield code="8">EDU</subfield>
    <subfield code="a">MAIN</subfield>
    <subfield code="b">MAIN</subfield>
    <subfield code="c">GEN</subfield>
    <subfield code="d">2024-08-28</subfield>
    <subfield code="g">390.00</subfield>
    <subfield code="l">4</subfield>
    <subfield code="o">370 DEK</subfield>
    <subfield code="p">30176</subfield>
    <subfield code="r">2025-12-04 06:49:39</subfield>
    <subfield code="s">2025-10-13</subfield>
    <subfield code="t">3</subfield>
    <subfield code="w">2024-08-28</subfield>
    <subfield code="y">BK</subfield>
  </datafield>
  <datafield tag="952" ind1=" " ind2=" ">
    <subfield code="0">0</subfield>
    <subfield code="1">0</subfield>
    <subfield code="2">ddc</subfield>
    <subfield code="4">0</subfield>
    <subfield code="7">0</subfield>
    <subfield code="8">EDU</subfield>
    <subfield code="a">MAIN</subfield>
    <subfield code="b">MAIN</subfield>
    <subfield code="c">GEN</subfield>
    <subfield code="d">2024-08-28</subfield>
    <subfield code="g">390.00</subfield>
    <subfield code="l">9</subfield>
    <subfield code="o">370 DEK</subfield>
    <subfield code="p">30177</subfield>
    <subfield code="r">2025-12-04 07:04:34</subfield>
    <subfield code="s">2025-11-19</subfield>
    <subfield code="t">4</subfield>
    <subfield code="w">2024-08-28</subfield>
    <subfield code="y">BK</subfield>
  </datafield>
  <datafield tag="952" ind1=" " ind2=" ">
    <subfield code="0">0</subfield>
    <subfield code="1">0</subfield>
    <subfield code="2">ddc</subfield>
    <subfield code="4">0</subfield>
    <subfield code="7">0</subfield>
    <subfield code="8">EDU</subfield>
    <subfield code="a">MAIN</subfield>
    <subfield code="b">MAIN</subfield>
    <subfield code="c">GEN</subfield>
    <subfield code="d">2024-08-28</subfield>
    <subfield code="g">390.00</subfield>
    <subfield code="l">6</subfield>
    <subfield code="o">370 DEK</subfield>
    <subfield code="p">30178</subfield>
    <subfield code="r">2025-11-19 05:39:01</subfield>
    <subfield code="s">2025-11-10</subfield>
    <subfield code="t">5</subfield>
    <subfield code="w">2024-08-28</subfield>
    <subfield code="y">BK</subfield>
  </datafield>
</record>
